Big 5 States and Provinces - Statistics

General Stats
  • This quiz has been taken 21 times
  • The average score is 30 of 33
Answer Stats
Answer % Correct
California
100%
Florida
100%
Kansas
100%
Missouri
100%
New York
100%
Pennsylvania
100%
Arizona
94%
Georgia
94%
Nevada
94%
New Jersey
94%
Oklahoma
94%
Oregon
94%
Texas
94%
Washington
94%
Washington, D.C.
94%
Wisconsin
94%
Colorado
89%
Indiana
89%
Louisiana
89%
Massachusetts
89%
Michigan
89%
Minnesota
89%
North Carolina
89%
Ohio
89%
Ontario
89%
Tennessee
89%
Utah
89%
Illinois
83%
Maryland
83%
Quebec
83%
Alberta
78%
British Columbia
78%
Manitoba
78%
No matching quizzes found
Score Distribution
Percent of People with Each Score
Percentile by Number Answered
Your Score History
You have not taken this quiz